00499 2200181 4500245004400000020002200044250001100066100001400077700002300091650001600114005001900130260003100149041001400180084000800194300002300202500008300225336000900308 aThe Purple Basket TeamcIda RobithText a978-602-7816-04-6 aCet. 1 aIda Robit abeby Haryanti Dewi aNovel Fiksi a20231005110254 aJakartabNoura Booksc2013 aIndonesia a813 a176 hlm. :c21 cm. aMentang-mentang penggemar berat warna ungu, Nikita pun maunya yang serba ungu. atext